Biblioteca

Problemática sicológica de los solteros / Jorge A. León (Registro nro. 32682)

Detalles MARC
000 -LÍDER
Campo fijo de descripción fija 008120000a22002050004500
020 ## - NÚMERO INTERNACIONAL NORMALIZADO PARA LIBROS
Número Internacional Normalizado del libro 0-89922-178-5
041 0# - CÓDIGO DE IDIOMA
Código de idioma para texto/pista de sonido o título separado
082 04 - NÚMERO DE CLASIFICACIÓN DECIMAL DEWEY
Número de clasificación G 179 L563p
001 - NÚMERO DE CONTROL
Campo de control 1359
100 1# - ASIENTO PRINCIPAL--NOMBRE PERSONAL
Nombre personal León, Jorge A.
245 10 - TÍTULO
Título del Material Problemática sicológica de los solteros / Jorge A. León
260 ## - PUBLICACIÓN, DISTRIBUCIÓN, ETC. (PIE DE IMPRENTA)
Lugar de publicación, distribución, etc. Miami, FL., USA : Caribe
300 ## - DESCRIPCIÓN FÍSICA
Extensión 141 Pag.
336 ## - CONTENT TYPE
Content type term texto
Content type code txt
Source rdacontent
337 ## - MEDIA TYPE
Source rdamedia
Media type term sin mediación
Media type code n
338 ## - CARRIER TYPE
Source rdacarrier
Carrier type term volumen
Carrier type code nc
505 00 - NOTA DE CONTENIDO
Nota de contenido con formato preestablecido una encuesta sobre la vida íntima de los cristianos solteros -- las carencias afectivas familiares como impedimento del matrimonio -- el fracaso de los matrimonios de los padres como causa de soltería -- le educación sexual deficiente como causa de la soltería -- conclusiones y reflexiones
650 14 - ASIENTO SECUNDARIO DE MATERIA - TERMINO TEMÁTICO
Término temático o nombre geográfico como elemento de entrada PERSONAS SOLTERAS
942 ## - TIPO DE MATERIAL (KOHA)
Tipo de Item KOHA Libros General
Existencias
Estado de Material Estado de Perdido Estado de Dañado No para Préstamo Colección Tomo Biblioteca de Origen Biblioteca Permanente Fecha de Adquisición Total de Préstamos Signatura Topográfica Código de Barras Última vez visto Última vez Préstado Ejemplar/Existencia Fecha de Remplazo Tipo de Material
        Colección General   Biblioteca FUSBC Biblioteca FUSBC 14/10/2004 6 G 179 L563p 830 21/05/2022 26/10/2019 1 26/01/2016 Libros General

Biblioteca FUSBC | Teléfono: (57+4) 349 88 10 Ext. 141| WhatsApp (+57) 3005338115 
E-mail: biblioteca@unisbc.edu.co | Calle 76 87-14 Robledo Palenque, Medellín, Colombia

Con tecnología Koha